<?xml version="1.0" encoding="UTF-8"?>
<record
    xmlns:xsi="http://www.w3.org/2001/XMLSchema-instance"
    xsi:schemaLocation="http://www.loc.gov/MARC21/slim http://www.loc.gov/standards/marcxml/schema/MARC21slim.xsd"
    xmlns="http://www.loc.gov/MARC21/slim">

  <leader>02024nam a22003017a 4500</leader>
  <controlfield tag="003">DO-SdBPM</controlfield>
  <controlfield tag="005">20251028141153.0</controlfield>
  <controlfield tag="007">ta</controlfield>
  <controlfield tag="008">210510b2018       dr  | 00| 0 spa d</controlfield>
  <datafield tag="020" ind1=" " ind2=" ">
    <subfield code="a">9789945912357</subfield>
  </datafield>
  <datafield tag="040" ind1=" " ind2=" ">
    <subfield code="a">DO-SdBPM</subfield>
    <subfield code="b">spa,</subfield>
    <subfield code="c">BPMSU</subfield>
    <subfield code="e">rda</subfield>
  </datafield>
  <datafield tag="082" ind1=" " ind2="4">
    <subfield code="a">RD862.44</subfield>
    <subfield code="b">G216e 2018</subfield>
    <subfield code="2">22</subfield>
  </datafield>
  <datafield tag="100" ind1="1" ind2=" ">
    <subfield code="a">Garc&#xED;a Guerra Iv&#xE1;n </subfield>
    <subfield code="e">autor </subfield>
    <subfield code="d">1938 -</subfield>
  </datafield>
  <datafield tag="245" ind1="1" ind2="0">
    <subfield code="a">En torno a la libertad /</subfield>
    <subfield code="c">Iv&#xE1;n Garc&#xED;a Guerra; correcci&#xF3;n y cuidado de edici&#xF3;n Piero Espinal Est&#xE9;vez.</subfield>
  </datafield>
  <datafield tag="264" ind1=" " ind2=" ">
    <subfield code="a">Santo Domingo :</subfield>
    <subfield code="b">Editora Opus, </subfield>
    <subfield code="c">2018</subfield>
  </datafield>
  <datafield tag="300" ind1=" " ind2=" ">
    <subfield code="a">547 p&#xE1;ginas  ,</subfield>
    <subfield code="b">ilustraciones, fotos </subfield>
    <subfield code="c">23 cm</subfield>
  </datafield>
  <datafield tag="336" ind1=" " ind2=" ">
    <subfield code="a">texto</subfield>
    <subfield code="b">txt</subfield>
    <subfield code="2">rdacontent</subfield>
  </datafield>
  <datafield tag="337" ind1=" " ind2=" ">
    <subfield code="a">sin mediaci&#xF3;n </subfield>
    <subfield code="b">n</subfield>
    <subfield code="2">rdamedia </subfield>
  </datafield>
  <datafield tag="338" ind1=" " ind2=" ">
    <subfield code="a">volumen </subfield>
    <subfield code="b">nc</subfield>
    <subfield code="2">rdacarrier </subfield>
  </datafield>
  <datafield tag="500" ind1=" " ind2=" ">
    <subfield code="3">Incluyes datos del  biogr&#xE1;fico autor en la solapa de la cubierta</subfield>
  </datafield>
  <datafield tag="505" ind1="0" ind2=" ">
    <subfield code="a"> Mi pr&#xF3;logo, 11.-- Doce a&#xF1;os de lucha. El hombre de barro, 19.-- Proceso por la sombra de un burro, 53.-- Un h&#xE9;roe m&#xE1;s para la mitolog&#xED;a, 89.-- Grecia en dominicana. Andr&#xF3;maca, 163.-- Soberbia, 191.-- Colaborando. Volaremos hacia el sol, 211.-- Romance criollo, 217.-- Alba de Patria, 253.-- Luchando. Carta al tirano, 265.-- Ep&#xED;logo, 289.-- Retratos de una guerra. Vivir, buena raz&#xF3;n, 317.-- Un azul imposible, 379.-- Memorias de abril. Regalo, 401.-- Cada cual lucha a su manera, 409.-- Eres un hombre, hijo, 419.-- &#xBF;Qu&#xE9; tiene de malo?, 427.-- Interferencia, 435.-- Derecho a vivir, 443.-- &#xA1;Las cosas no son as&#xED;!, 451.-- M&#xE1;s retratos. El muerto dieciocho, 461.-- Padrenuestro, 469.-- Unos tragos lo resuelven todo, 477.-- La esposa de agosto, 485.-- El ayer de un palomo, 493.-- En esos momentos no me pod&#xED;a pasar nada malo, 503.-- &#xBF;Valio la pena?. Trilog&#xED;a del perenne sacrificio o traves&#xED;a de un r&#xED;o hacia el olvido, 511.-- Muriendo, 513.-- Remuriendo, 527.-- Quiz&#xE1;s nunca vivi&#xF3;, 538.</subfield>
  </datafield>
  <datafield tag="590" ind1=" " ind2=" ">
    <subfield code="a">Inventariado,2025/VM</subfield>
  </datafield>
  <datafield tag="650" ind1=" " ind2="7">
    <subfield code="a">Teatro dominicana </subfield>
  </datafield>
  <datafield tag="650" ind1=" " ind2="7">
    <subfield code="a">Dramaturgia.</subfield>
  </datafield>
  <datafield tag="650" ind1=" " ind2="7">
    <subfield code="a">Litertura dominicana </subfield>
  </datafield>
  <datafield tag="910" ind1=" " ind2=" ">
    <subfield code="a">VMateo V. Control de calidad. BPMSU </subfield>
  </datafield>
  <datafield tag="942" ind1=" " ind2=" ">
    <subfield code="2">ddc</subfield>
    <subfield code="c">BK</subfield>
  </datafield>
  <datafield tag="952" ind1=" " ind2=" ">
    <subfield code="0">0</subfield>
    <subfield code="1">0</subfield>
    <subfield code="2">ddc</subfield>
    <subfield code="7">0</subfield>
    <subfield code="8">CD</subfield>
    <subfield code="a">BPMET</subfield>
    <subfield code="b">BPMET</subfield>
    <subfield code="d">2025-10-28</subfield>
    <subfield code="e">Editora B&#xFA;ho</subfield>
    <subfield code="l">0</subfield>
    <subfield code="o">BPMSU CD RD862.44 G216e 2018</subfield>
    <subfield code="p">BPMSU25100117</subfield>
    <subfield code="r">2025-10-28</subfield>
    <subfield code="w">2025-10-28</subfield>
    <subfield code="y">BK</subfield>
  </datafield>
  <datafield tag="999" ind1=" " ind2=" ">
    <subfield code="c">13467</subfield>
    <subfield code="d">13467</subfield>
  </datafield>
</record>
